000 00851nab a2200241 4500
003 BR-BrBNA
005 20250729221703.0
008 250729b bl.||||| |||| 00| 0 por d
040 _aBR-BrBNA
_bpor
072 _aP01 ;F01; L01 ; P10 ; P36
100 _aNunes, Malu
245 _aO desafio da produção rural e da preservação florestal
_bArtigo
500 _a2 illus.
650 _aPRODUÇÃO AGROPECUÁRIA
650 _aPROTEÇÃO AMBIENTAL
650 _aPROTEÇÃO FLORESTAL
650 _aNASCENTE DE ÁGUA
650 _aCONSERVAÇÃO DO SOLO
650 _aDESENVOLVIMENTO SUSTENTÁVEL
773 0 _01706
_9347983
_dSão Paulo-SP Editora Três Ltda - E-mail: luizfsa@revistadinheiro.com.br 2004
_o2025-0481
_tDinheiro Rural (Brazil)
_x1807-3700
_gv. 7(77) p. 90; (Mar 2011)
_wBR2025001928
942 _cANA
999 _c337371
_d337371